Optimizing Structural Performance Of Timber Gridshell Through Kerfing: An Experimental Study (Record no. 366205)
[ view plain ]
| 000 -LEADER | |
|---|---|
| fixed length control field | 00544nam a22001697a 4500 |
| 005 - DATE AND TIME OF LATEST TRANSACTION | |
| control field | 20250505162923.0 |
| 008 - FIXED-LENGTH DATA ELEMENTS--GENERAL INFORMATION | |
| fixed length control field | 250505b |||||||| |||| 00| 0 eng d |
| 041 ## - LANGUAGE CODE | |
| Language code of text/sound track or separate title | eng |
| 082 ## - DEWEY DECIMAL CLASSIFICATION NUMBER | |
| Classification number | 720.28 |
| Item number | VER |
| 100 ## - MAIN ENTRY--PERSONAL NAME | |
| Author | Verma Rutuja |
| 245 ## - TITLE STATEMENT | |
| Title | Optimizing Structural Performance Of Timber Gridshell Through Kerfing: An Experimental Study |
| 260 ## - PUBLICATION, DISTRIBUTION, ETC. | |
| Place of publication, distribution, etc. | Pune |
| Name of publisher, distributor, etc. | BNCA-M Arch Digital Architecture |
| Date of publication, distribution, etc. | 2023 |
| 300 ## - PHYSICAL DESCRIPTION | |
| Extent | 86pages |
| Other physical details | HB |
| Dimensions | 21 x 31 |
| 365 ## - TRADE PRICE | |
| Price type code | INR |
| Price amount | 150.00 |
| Currency code | Rupaye |
| 500 ## - GENERAL NOTE | |
| Keywords | Thesis BNCA M Arch Digital Architectufre |
| 942 ## - ADDED ENTRY ELEMENTS (KOHA) | |
| Koha item type | Project Reports |
| Withdrawn status | Lost status | Source of classification or shelving scheme | Damaged status | Not for loan | Home library | Current library | Date acquired | Vendor | Net Price | Bill number | Total Checkouts | Full call number | Barcode | Date last seen | Actual Price | Bill Date | Koha item type |
|---|---|---|---|---|---|---|---|---|---|---|---|---|---|---|---|---|---|
| Dewey Decimal Classification | Dr. Bhanuben Nanavati College of Architecture | Dr. Bhanuben Nanavati College of Architecture | 05/05/2025 | BNCA-M Arch Digital Architecture | 150.00 | 00 | 720.28 VER | BNCA-PR-2284 | 05/05/2025 | 150.00 | 05/05/2025 | Project Reports |